00334nam a2200121Ia 4500008004100000020001800041041000800059082001600067100001800083245003800101260005800139700001500197230717s9999 xx 000 0 und d a81-7534-439-3 aeng a347.01bKHA aKhanna A. N.  aLaw Of Court Fees Suits Valuation aNew DelhibUniversal Law Publishing Co.Pvt.Ltd.c2005 a Das P. K.